Frontier and developing Asia <the> next generation of emerging markets
Guardado en:
| Otros Autores: | |
|---|---|
| Formato: | Libro |
| Lenguaje: | inglés |
| Publicado: |
Washington, D.C.
International Monetary Fund
2015
|
| Materias: | |
| Etiquetas: |
Sin Etiquetas, Sea el primero en etiquetar este registro!
|
MARC
| LEADER | 00000nam a2200000 4500 | ||
|---|---|---|---|
| 001 | 0203911 | ||
| 005 | 20240226103206.2 | ||
| 020 | |a 978-1-47559-551-2 | ||
| 041 | 0 | |a eng | |
| 044 | |a US | ||
| 245 | 1 | 0 | |a Frontier and developing Asia |b <the> next generation of emerging markets |c editor Alfred Schipke |
| 264 | 1 | |a Washington, D.C. |b International Monetary Fund |c 2015 | |
| 300 | |a xv, 255 s. | ||
| 610 | 2 | 0 | |a rozvoj hospodársky |
| 610 | 2 | 0 | |a krajiny rozvojové |
| 610 | 2 | 0 | |a Ázia |
| 610 | 2 | 0 | |a transformácia |
| 610 | 2 | 0 | |a trh |
| 610 | 2 | 0 | |a politika finančná |
| 610 | 2 | 0 | |a politika menová |
| 700 | 1 | |a Schipke, Alfred | |